000 00553nam a22001817a 4500
005 20251108171754.0
008 250721s1990 xx 000 0 ara d
082 1 4 _a372.21/تطو
100 1 _aالحسن، هشام
245 1 0 _aتطور التفكير عند الطفل /
264 1 _aعمان :
_bدار الفكر للنشر و التوزيع،
_c1990.
300 _a88ص
650 1 7 _aالتعليم الإبتدائي
650 1 7 _aرياض الأطفال
650 1 7 _aالفكر و التفكير
942 _2ddc
_cBK
999 _c62137
_d62137